A practical guide to facilitation skills : a real-world approach

Bibliographic Details
Main Authors: Spinks, Tony (Author), Clements, Phil (Author)
Format: Book
Language:English
Published: London : Kogan Page 1993
Subjects:

MARC

LEADER 00000cam a2200000 7i4500
001 0000003662
005 20240927.0
008 991206 enk eng
020 |a 0749410035 
040 |a INS   |b eng   |e rda 
090 0 0 |a HM133   |b .S754 1993 
100 1 |a Spinks, Tony ,   |e author 
245 1 2 |a A practical guide to facilitation skills :   |b a real-world approach   |c Tony Spinks and Phil Clements 
264 1 |a London :   |b Kogan Page   |c 1993 
300 |a 183 pages ;   |c 24 cm. 
336 |a text  |2 rdacontent 
337 |a unmediated  |2 rdamedia 
338 |a volume  |2 rdacarrier 
504 |a Includes bibliographical references and index 
650 0 |a Experiential learning 
650 0 |a Group relations training 
700 1 |a Clements, Phil ,   |e author 
999 |a 0000005578   |b BOOK   |c Open Shelf   |e Default branch